Most Successful German rappers - Statistiken

Allgemein
  • Dieses Quiz wurde 175 mal gespielt
  • Das Durchschnittsergebnis liegt bei 7 aus 13
Antwortstatistiken
Hint Antwort % Korrekt
2020 Capital Bra
87%
2019 Capital Bra
87%
2023 Apache 207
70%
2021 Bonez MC
60%
2016 Bonez MC
60%
2018 RAF Camora
53%
2017 RAF Camora
53%
2014 Kollegah
51%
2024 Luciano
51%
2022 Luciano
51%
2012 Cro
34%
2013 Alligatoah
8%
2015 K.I.Z
8%
Keine übereinstimmenden Quizze gefunden
Verteilung der Resultate
Anzahl Personen mit jedem Resultat
Perzentil nach korrekt beantworteten Fragen
Ihre Resultats-Entwicklung
Sie haben dieses Quiz noch nicht gespielt